Ciencias naturales para pensar : los sistemas de la naturaleza y sus cambios :
Guardado en:
| Autor Principal: | |
|---|---|
| Formato: | Libro |
| Publicado: |
Buenos Aires :
Kapelusz,
2007
|
| Series: | Para pensar
|
| Materias: | |
| Etiquetas: |
Agregar Etiqueta
Sin Etiquetas, Sea el primero en etiquetar este registro!
|
| LEADER | 00781nam a22002175a 4500 | ||
|---|---|---|---|
| 001 | CEM.cems018492 | ||
| 005 | 20151023122603.0 | ||
| 008 | 130507s2007##################000#0#####d | ||
| 003 | CEMS | ||
| 020 | |a 9789501301946 | ||
| 082 | 0 | 4 | |a 570 |
| 100 | 1 | |a Vitali, Joaquín | |
| 245 | 1 | 0 | |a Ciencias naturales para pensar : |b los sistemas de la naturaleza y sus cambios : |c Joaquín Vitali |
| 260 | |a Buenos Aires : |b Kapelusz, |c 2007 | ||
| 300 | |a 63 p. | ||
| 490 | 0 | |a Para pensar | |
| 500 | |a Acompaña al texto Ciencias naturales para pensar 1para educación secundariafichero de actividades | ||
| 653 | |a Ciencias naturales | ||
| 653 | |a Ciencias naturales-actividades | ||
| 653 | |a Ciencias naturales-fichero de actividades | ||
| 859 | |a CEMS |b BIB. CEMS - Agricultura |h 570 |i V831 |p A2689.15 |t Ej.1 |v 1 |3 1 | ||
